<?xml version="1.0" encoding="UTF-8"?>
<record
    xmlns:xsi="http://www.w3.org/2001/XMLSchema-instance"
    xsi:schemaLocation="http://www.loc.gov/MARC21/slim http://www.loc.gov/standards/marcxml/schema/MARC21slim.xsd"
    xmlns="http://www.loc.gov/MARC21/slim">

  <leader>01526nam a2200229Ia 4500</leader>
  <controlfield tag="001">b6694-47831 </controlfield>
  <controlfield tag="003">IT-MiCISF</controlfield>
  <controlfield tag="005">20240718122738.0</controlfield>
  <controlfield tag="008">161014s9999||||xx |||||||||||||| ||und||</controlfield>
  <datafield tag="040" ind1=" " ind2=" ">
    <subfield code="a">IT-MiCISF</subfield>
    <subfield code="c">IT-MiCISF</subfield>
  </datafield>
  <datafield tag="041" ind1=" " ind2=" ">
    <subfield code="a">it</subfield>
  </datafield>
  <datafield tag="100" ind1=" " ind2=" ">
    <subfield code="a">De Vanna Umberto</subfield>
    <subfield code="9">60934</subfield>
  </datafield>
  <datafield tag="245" ind1=" " ind2="0">
    <subfield code="a">Noi, gli adolescenti belli e fragili</subfield>
  </datafield>
  <datafield tag="260" ind1=" " ind2=" ">
    <subfield code="a"> Leumann (TO),</subfield>
    <subfield code="b">Elledici,</subfield>
    <subfield code="c">2009</subfield>
  </datafield>
  <datafield tag="300" ind1=" " ind2=" ">
    <subfield code="a">pp. 144</subfield>
  </datafield>
  <datafield tag="500" ind1=" " ind2=" ">
    <subfield code="a"> adolescenza, formazione-personalit&#xE0;, spiritualit&#xE0;, amicizia, fede, educazione, famiglia, pastorale-giovanile </subfield>
  </datafield>
  <datafield tag="520" ind1=" " ind2=" ">
    <subfield code="a">Gli adolescenti di oggi, secondo come li descrive l'A., sono ragazzi che gli adulti fanno fatica ad accettare per il loro modo di vivere e di esprimersi, non riuscendo sempre a capire il loro disagio. In questo libro, &#xE8; possibile trovare molto di loro, dei loro anni e delle loro amicizie, di che cosa pensano della famiglia e dell'amore; ma anche qualcosa dei loro pensieri pi&#xF9; seriosi, come la fede e la preghiera. Un libro che non ha nulla di catechistico, anche se cita in ogni capitolo qualche passaggio del Catechismo dei Giovani. Per&#xF2; &#xE8; perfettamente in linea con i loro pensieri, quelli che frullavano nella loro testa prima della Cresima. Anche per loro, leggerlo insieme o da soli, non sar&#xE0; un ripasso di cose gi&#xE0; sentite, ma un guardarsi allo specchio, prendere nelle loro mani la vita. Dono ideale per i ragazzi che ricevono il sacramento della Cresima.</subfield>
  </datafield>
  <datafield tag="650" ind1=" " ind2=" ">
    <subfield code="a">Et&#xE0;-evolutiva</subfield>
    <subfield code="e">009</subfield>
  </datafield>
  <datafield tag="654" ind1=" " ind2=" ">
    <subfield code="a">saggio</subfield>
  </datafield>
  <datafield tag="942" ind1=" " ind2=" ">
    <subfield code="c">BK</subfield>
    <subfield code="2">ddc</subfield>
  </datafield>
  <datafield tag="999" ind1=" " ind2=" ">
    <subfield code="c">210326</subfield>
    <subfield code="d">210326</subfield>
  </datafield>
  <datafield tag="999" ind1=" " ind2=" ">
    <subfield code="b">si</subfield>
  </datafield>
  <datafield tag="952" ind1=" " ind2=" ">
    <subfield code="0">0</subfield>
    <subfield code="1">0</subfield>
    <subfield code="4">0</subfield>
    <subfield code="6">B_669447831</subfield>
    <subfield code="7">1</subfield>
    <subfield code="a">CISF</subfield>
    <subfield code="b">CISF</subfield>
    <subfield code="d">2016-10-14</subfield>
    <subfield code="l">0</subfield>
    <subfield code="o">b6694-47831 </subfield>
    <subfield code="r">2016-10-14 00:00:00</subfield>
    <subfield code="w">2016-10-14</subfield>
    <subfield code="y">BK</subfield>
    <subfield code="z">Data import 15.10.2016 / by Epidotti, Vaglietti</subfield>
  </datafield>
</record>
